Nazwy wszystkich odcinków 1 sezonu Dextera - Statystyki

Ogólne statystyki
  • Ten quiz został rozwiązany 14 razy
  • Średni wynik to 3 z 12
Statystyki odpowiedzi
Odcinek Odpowiedź % Poprawnych
1 Dexter
91%
12 Born Free
45%
2 Crocodile
45%
9 Father Knows Best
18%
3 Popping Cherry
18%
11 Truth be Told
18%
7 Circle of Friends
9%
4 Let's Give the Boy a Hand
9%
5 Love American Style
9%
6 Return to Sender
9%
10 Seeing Red
9%
8 Shrink Wrap
9%
Nie znaleziono quizów pasujących do podanych kryteriów
Rozkład punktacji
Procent ludzi z każdym wynikiem
Percentyl według liczby udzielonych odpowiedzi
Twoja historia wyników
Nie rozwiązałeś tego quizu